Punchline L2B - Statistiques

Statistiques générales
  • Ce quiz a été pris 127 fois
  • Le résultat moyen est 16 sur 30
Statistiques - réponses
Punchline Morceau % Correct
Elle parle de ma personne à toutes ses amies En toute humilité, j'comprends grave la baby Si j'étais une gonzesse, j'me kifferais aussi Overbooking
89%
Baby, baby, baby, baby, baby, baby Faut du Saint-Laurent, L.V, j'donne tout pour ma babe J'suis en caille-ra, caille-ra, comme mec d'ATL J's'rai jamais impressionné pour ton p'tit BBL Tout pour l'équipe
87%
J'voulais la vie comme Pablo Gagner ma vie dans la barrio Je sais qu'tu m'as vu dans l'barrio Mais j'remercie mon bon Dieu La zone
76%
J'peux pas renverser Belve' sur ma Rollie J'suis pas trop "all eyes on me" J'suis en discret, en discret, en tche-mi Seul dans mon oin-c, loin des ennuis Pélican
76%
Devant l'canon j'en ai vu peu devenir des frères mus' Elle est sexy mais sa copine est canon J'suis entre les deux comme une interlude Jump
73%
Quand j'arrive, y a full full escorte Comme si j'étais le président de la République Et j'suis bourré d'sommes, j'suis Congolais comme le P Mais j'vais pas vider tout Weston Congolaise
72%
Elle m'dit souvent qu'avec moi, elle s'sent en danger Elle est fraîche, mais fait mal à la tête, c'est un colis piégé Tour du monde
71%
J'attends pas la SACEM pour faire des gros sous J'prends l'feu à D2, j'monte sur un gros coup J'suis un rate-pi comme Mam.C, un rate-pi comme Boubou Ça l'a braqué direct même pas un coucou Amis d'enfance
67%
Les emplettes minimum three bags Maman ne veut pas de Dior Lady Elle préfère mille fois que j'lui achète un Super-Wax, Wax Billionaire
65%
J'l'emmène manger chez Costes Elle aime les restaurants, les belles choses Est-c'qu'elle est bien pour moi? J'remets tout en cause Movie
62%
Y a un tas d'pains, d'pains, j'ai pas peur J'ai un tas d'blé, j'fais les coins, j'suis chez le barber J'finis khabat du fond d'teint sur débardeur Bébé, c'est pas la même, moi, j'veux tu whine up pour moi Mode avion
57%
J'me sens moins étranger quand j'suis dans les coins huppés J'me sens comme à la kire, j'me sens comme à la maison Point G
54%
Tu veux des ces-pla, mais c'est sold-out Il y a tellement de bitches qui ont porté mon ice Fresh, so sexy, Ice Spice Tendance
54%
Et j'ai perdu ma confiance, j'l'ai trop donné à ceux qui fallait pas mais Ils ont jamais cru en moi au jour d'aujourd'hui j'ai fait c'qu'ils ont pas fait Bitume
53%
Premier plan, pas dans l'background, pas dans l'glow down Sur la teu-tê, ne sois pas là que sur un boss man Pour m'détendre, j'vais faire shopping boulevard Haussmann Dans les embouteillages, j'écoute du Josman Tout recommencer
53%
Eh, eh, j't'avais dit qu't'allais ber-tom, tu l'savais, eh Et maintenant, c'est des mandats que j't'envoie pour t'sauver, eh Et j'pensais pas qu'me faire ce genre de chose, tu pouvais, eh Trahison
53%
Faut pas t'blesser, igo faut pas t'blesser Faut du cardio pour l'caster J'la connais, j'lai d'jà testé Only
52%
J'suis en carré, j'me souviens plus d'la soirée, j'suis sous Ruinart J'ai toujours mon doré au bec, tu peux m'croiser dans un Velar Des fois j'oublie qu'j'suis connu, j'me balade seul dans Paname Ces petits connaissent mon gang, à la vie, à la mort, le gang, le gang Flying blue
49%
Poignée jubilé, la mère à kabila J'prends la fuite, pas mêlée J'suis dans les bras d'Pamela, argh Book III
41%
J'peux pas tout whipping, j'ai fait du liquide Liquide, mais pas pour demoiselles M'embête pas, j'suis sous bibine, sous Damoiseau Ils font plein d'signes de gang, c'est des Dora, celles Freestyle CKO
41%
Tous les jours, j'suis au charbon, j'peux pas penser à abdiquer Tu sais qu'j'viens d'en bas, dans les bas-fonds Donc tu sais aussi, c'que j'peux t'faire pour un ticket French rivera
39%
Dès l'matin j'vends la kush Et j'vois plus mon père Et mes mains sentent la ppe'-f La haine a pris la peur Noir
39%
Même si j'parle pas sans mapessa J'peux barber ton G7, moi j'vole pas des PC J'repense à mon passé J'gratte plus sur les recettes Cama sosa
38%
J'vais les froisser, faut pas que j'm'attarde sur l'sujet Faut grave du budget, j'dois m'offrir un p'tit jet J'suis frais comme Tjay, j'parle pas un mot anglais Mais après la soirée, j'me suis fait la DJette Men in black
37%
Han, han, han, dès le matin, bébé veut, anw anw anw J'peux lui donner de temps en temps Mon bébé, tu sais que l'oseille n'attend pas J'fais du blé sur des anw anw anw David douillet
34%
Demande à 9.2 dans le square ça bicrave des calots Et si tu veux pas qu'on t'efface tu vas vite te décaler Tu vas vite te décaler Cartel de cali
29%
Ils voudraient savoir le prix de ma chaîne Ils veulent tous avoir une bitch comme la mienne Ils voudraient mon train de vie, je sais J'ai même pas fini d'me peaufiner Check
29%
Elle veut du Gucci Rue Saint-Honoré, les boutiques Entre nous deux, pas de sentiments, de toute façon, on s'est déjà tout dit Dans la chambre
29%
Non j'ai plus rien à perdre, non non J'ai arrêté d'écouter les "ont dit " Arrêter de m'fier à ce que j'entends Bla bla
28%
Élevé au madesu et au ginger, j'continuerai même si j'ai mon artisanat Et on craint pas les balles, eux, ils veulent me tuer Tu te feras allumer aussi sur la durée Réflexes
11%
Aucun quiz correspondant
Distribution des résultats
% des personnes avec chaque résultat
Percentile par nombre de réponses
Votre historique - résultats
Vous n’avez pas pris ce quiz